[Event "Cartagena Bolivar Cup"]
[Site "Cartagena"]
[Date "2019.04.22"]
[Round "8.15"]
[White "Franco Valencia, Beatriz Irene"]
[Black "Meneses, Javier"]
[Result "1-0"]
[WhiteElo "2140"]
[BlackElo "2153"]
[PlyCount "45"]
[EventDate "2019.04.22"]
[EventType "swiss"]
[EventRounds "14"]
[EventCountry "COL"]
[SourceTitle "EXT 2024"]
[Source "ChessBase"]
[SourceDate "2023.10.10"]
[SourceVersion "1"]
[SourceVersionDate "2023.10.10"]
[SourceQuality "1"]

1. d4 d5 2. c4 c6 3. cxd5 cxd5 4. Bf4 Nf6 5. e3 Nc6 6. Nc3 e6 7. Bd3 Bd6 8. Bxd6 Qxd6 9. f4 0-0 10. Nf3 a6 11. 0-0 b5 12. Ne5 Bb7 13. Rc1 Rac8 14. Rf3 Ne7 15. Rh3 b4 16. Bxh7+ Nxh7 17. Qh5 Rfe8 18. Qxf7+ Kh8 19. Qh5 Kg8 20. Qxh7+ Kf8 21. Qh8+ Ng8 22. Ng6+ Kf7 23. Rh7 1-0

[Event "Cartagena Bolivar Cup"]
[Site "Cartagena"]
[Date "2019.04.22"]
[Round "14.14"]
[White "Meneses, Javier"]
[Black "Hoyos Garces, Rosana"]
[Result "1-0"]
[WhiteElo "2153"]
[BlackElo "1446"]
[PlyCount "47"]
[EventDate "2019.04.22"]
[EventType "swiss"]
[EventRounds "14"]
[EventCountry "COL"]
[SourceTitle "EXT 2024"]
[Source "ChessBase"]
[SourceDate "2023.10.10"]
[SourceVersion "1"]
[SourceVersionDate "2023.10.10"]
[SourceQuality "1"]

1. d4 d5 2. Bg5 h6 3. Bh4 g5 4. Bg3 f5 5. e3 Bg7 6. h4 e6 7. hxg5 hxg5 8. Rxh8 Bxh8 9. Qh5+ Kd7 10. Qxh8 Kc6 11. a4 a6 12. Nd2 Nd7 13. b4 Kb6 14. c4 Ndf6 15. c5+ Ka7 16. Be5 Ne4 17. Nxe4 fxe4 18. Qg7 Bd7 19. Nh3 Qe8 20. b5 a5 21. Bxc7 Ne7 22. Bb6+ Kb8 23. Qe5+ Kc8 24. Qc7# 1-0